Sports Quiz

Random Sports or NBA Quiz

Name a NBA player Quiz Stats

 Plays Quiz not verified by Sporcle

Score 0/20 Timer 05:00
0 Plays Today
Hint Answer % Correct
...never went to college and won at least one MVP title?Moses Malone
91.5%
...was listed at 7'6'' or taller?Gheorghe Muresan
90.1%
...married a Kardashian?Kris Humphries
83.3%
...played at least 1,500 regular season games in his career?Kareem Abdul-Jabbar
83.1%
...won a MVP title in the 1950s?Bob Pettit
81.7%
...was listed at 5'5'' or shorter?Muggsy Bogues
81.7%
...had a quadruple double?Thurmond
77.5%
...was drafted ahead of Jordan in the 1984 draft?Olajuwon
76.1%
...was part of both the original Dream Team and Dream Team III?Charles Barkley
76.1%
...won a NBA title with 3 different franchises?Horry
70.4%
Hint Answer % Correct
...was elected Finals MVP while playing for the losing team?Jerry West
67.6%
...was part of Michigan's Fab Five?Jimmy King
66.2%
...was named MVP and ROY the same year?Kareem Abdul-Jabbar
64.8%
...led the league in assists per game in the 1990s and is not John Stockton?Rod Strickland
63.4%
...became the mayor of a major US city?Dave Bing
53.5%
...has a twin who has also played in the NBA?Jason Collins
50%
...was elected to the HOF as a player and a coach?Lenny Wilkens
47.9%
...is name-checked in Kurtis Blow's seminal song 'Basketball'?Dr J
46.5%
...recorded 100 blocks and 100 three-pointers in the same season?Andrea Bargnani
41.7%
...once attempted at least 15 field goals in a game and made none? (since 1984)Tim Hardaway
19.4%

You're not logged in!

Compare scores with friends on all Sporcle quizzes.
OR
Log In

Sporcle TV

Today on Sporcle TV


Watch our educational content, quiz creation guides, and fun videos on Sporcle TV.

Show Comments

Extras

Created Jul 23, 2016ReportNominate
Tags:NBA Quiz, player

Top Quizzes Today


Score Distribution

Your Account Isn't Verified!

In order to create a playlist on Sporcle, you need to verify the email address you used during registration. Go to your Sporcle Settings to finish the process.

Report this User

Report this user for behavior that violates our Community Guidelines.

Details: